|
|
|
|
| LEADER |
01183nam a2200229 a 4500 |
| 001 |
GR-MES13293 |
| 008 |
071003s gr 000 0 gre d |
| 020 |
|
|
|a 9602265922
|
| 040 |
|
|
|a GrPaTEI
|b gre
|c GR-PaULI
|
| 040 |
|
|
|a GrPaTEI
|b gre
|c GR-PaULI
|
| 082 |
|
0 |
|a 503
|
| 100 |
1 |
|
|a Shop, George A.
|
| 245 |
1 |
0 |
|a Αγγλοελληνικό λεξικό επιστημονικών & τεχνικών όρων :
|b ανατομία-αστρονομία-βιολογία-γεωγραφία-ζωολογία-ηλεκτρολογία-μαθηματικά-μηχανική-μηχανολογία-φυσική-χημεία: George A. Shop.
|
| 260 |
|
|
|a Αθήνα :
|b Ευσταθιάδης,
|c 2001
|
| 300 |
|
|
|a 494σ. ;
|c 17εκ.
|
| 650 |
|
4 |
|a Αγγλική γλώσσα
|x Λεξικά
|x Ελληνική
|
| 650 |
|
4 |
|a Τεχνολογία
|x Λεξικά
|
| 653 |
|
|
|a ΕΠΙΣΤΗΜΗ--ΛΕΞΙΚΑ
|
| 942 |
|
|
|2 ddc
|
| 952 |
|
|
|0 0
|1 0
|2 ddc
|4 0
|6 503_000000000000000_SHO
|7 0
|9 271802
|a MSLG
|b MSLG
|c BSC
|d 2021-01-17
|e 24
|f 0
|g 0.00
|l 0
|o 503 SHO
|p 2420000020378
|r 2021-01-17 00:00:00
|t 1
|v 2021.00
|w 2021-01-17
|y BK15
|x 20071003 0 ΓΑΒΡΙΝΑ 0
|x GrPaTEI
|
| 971 |
|
|
|a .b2579341x
|b 01-10-20
|c 13-09-16
|
| 999 |
|
|
|c 157072
|d 157072
|